000 00329nam a2200133Ia 4500
008 230917s9999||||xx |||||||||||||| ||und||
040 _e146314
_aMAIN
041 _aEnglish
082 _a954.02 S23B
100 _aSharma, L.P.
245 0 _aBharat mein mughal samarajya ka itihas, 1526-1707
300 _a373p p.
942 _cBK
999 _c186988
_d186988